• 首页
  • 本馆介绍
  • 公告通知
  • 最新文献
  • 馆藏检索
  • 电子资源
  • 读者导购
  • 参考咨询
  • 我的图书馆
  • 登录
  • 详细信息显示
  • 放入我的书架
  • 预约/预借图书
  • 作者相关作品
  • 分类相关作品
  • 丛书相关作品
  • 出版社相关作品

书目信息

  • 表格格式
  • 工作单格式
  • 卡片格式
题名:
生态环境安全与管理
    
 
作者: 付保荣 , 惠秀娟 主编
分册:  
出版信息: 北京   化学工业出版社  2005
页数: 310页
开本: 24cm
丛书名: 环境科学与技术应用系列丛书
单 册:
中图分类: X171.1
科图分类:
主题词: 生态环境--研究--中国
电子资源:
ISBN: 7-5025-6671-6
000 01071oam2 2200289 45
001 012003960644
005 20070805150149.28
009 012003960644
010    @a7-5025-6671-6@dCNY45.00
035    @a(110017)062002020348
100    @a20050615d2005 emky0chiy0110 ea
101 0  @achi
102    @aCN@b110000
105    @ay z 000yy
106    @ar
200 1  @a生态环境安全与管理@Asheng tai huan jing an quan yu guan li@f付保荣, 惠秀娟主编@Ffu bao rong , hui xiu juan zhu bian
210    @a北京@c化学工业出版社@d2005
215    @a310页@d24cm
225 2  @a环境科学与技术应用系列丛书@Ahuan jing ke xue yu ji shu ying yong xi lie cong shu
330    @a本书着重从生物、大气、水、土、海洋、矿产资源和固体废物、有毒化学品及突发性污染事故等方面论述了威胁国家安全的生态与环境问题,并相应提出一定的管理措施与建议。
461  0 @12001 @a环境科学与技术应用系列丛书
606 0  @a生态环境@x研究@y中国
690    @aX171.1@v4
701  0 @a付保荣@Afu bao rong@4主编
701  0 @a惠秀娟@Ahui xiu juan@4主编
801  0 @aCN@b110017@c20070805
905    @dX171.1@e160@f5
    
    生态环境安全与管理/付保荣, 惠秀娟主编.-北京:化学工业出版社,2005
    310页;24cm.-(环境科学与技术应用系列丛书)
    
    
    ISBN 7-5025-6671-6:CNY45.00
    本书着重从生物、大气、水、土、海洋、矿产资源和固体废物、有毒化学品及突发性污染事故等方面论述了威胁国家安全的生态与环境问题,并相应提出一定的管理措施与建议。
●
相关链接 在E读中查询图书 在五车中查询图书 在当当中查询图书 在豆瓣中查询图书


正题名:生态环境安全与管理     索取号:X171.1/160         预约/预借

序号 登录号 条形码 馆藏地/架位号 状态 备注
1 0850929   208509292   第二样本阅览室/ [索取号:X171.1/160] 在馆    
2 0850930   208509309   第三借阅区/ [索取号:X171.1/160] 在馆    
3 0850931   208509318   第三借阅区/ [索取号:X171.1/160] 在馆    
4 0850932   208509327   第三借阅区/ [索取号:X171.1/160] 在馆    
5 0850933   208509336   第三借阅区/ [索取号:X171.1/160] 在馆    
唐山师范学院图书馆 欢迎您!
大连网信软件有限公司© 版权所有